<?xml version="1.0" encoding="UTF-8"?>
<collection xmlns="http://www.loc.gov/MARC21/slim">
 <record>
  <leader>02502cam a2200481 c 4500</leader>
  <controlfield tag="001">1621601064</controlfield>
  <controlfield tag="003">DE-627</controlfield>
  <controlfield tag="005">20250331093737.0</controlfield>
  <controlfield tag="007">tu</controlfield>
  <controlfield tag="008">020111s2001    xx ||||| c    00| ||fre c</controlfield>
  <datafield tag="020" ind1=" " ind2=" ">
   <subfield code="a">9055443662</subfield>
   <subfield code="9">90-5544-366-2</subfield>
  </datafield>
  <datafield tag="024" ind1="3" ind2=" ">
   <subfield code="a">9789055443666</subfield>
  </datafield>
  <datafield tag="035" ind1=" " ind2=" ">
   <subfield code="a">(DE-627)1621601064</subfield>
  </datafield>
  <datafield tag="035" ind1=" " ind2=" ">
   <subfield code="a">(DE-576)096256664</subfield>
  </datafield>
  <datafield tag="035" ind1=" " ind2=" ">
   <subfield code="a">(DE-599)BSZ096256664</subfield>
  </datafield>
  <datafield tag="035" ind1=" " ind2=" ">
   <subfield code="a">(OCoLC)48617893</subfield>
  </datafield>
  <datafield tag="040" ind1=" " ind2=" ">
   <subfield code="a">DE-627</subfield>
   <subfield code="b">ger</subfield>
   <subfield code="c">DE-627</subfield>
   <subfield code="e">rakwb</subfield>
  </datafield>
  <datafield tag="041" ind1=" " ind2=" ">
   <subfield code="a">fre</subfield>
  </datafield>
  <datafield tag="082" ind1="0" ind2=" ">
   <subfield code="a">750</subfield>
  </datafield>
  <datafield tag="084" ind1=" " ind2=" ">
   <subfield code="a">9,10</subfield>
   <subfield code="2">ssgn</subfield>
  </datafield>
  <datafield tag="245" ind1="0" ind2="3">
   <subfield code="a">L' entreprise Brueghel</subfield>
   <subfield code="b">[... à l'occasion de l'exposition org. au Bonnefantenmuseum à Maastricht, 13 octobre 2001 - 17 février 2002, et au Musées Royaux des Beaux-Arts de Belgique à Bruxelles, 22 mars - 23 juin 2002]</subfield>
   <subfield code="c">sous la dir. de Peter van den Brink. Textes de Dominique Allart ...</subfield>
  </datafield>
  <datafield tag="264" ind1=" " ind2="1">
   <subfield code="a">Gand</subfield>
   <subfield code="b">Ludion [u.a.]</subfield>
   <subfield code="c">2001</subfield>
  </datafield>
  <datafield tag="300" ind1=" " ind2=" ">
   <subfield code="a">191 S.</subfield>
   <subfield code="b">zahlr. Ill.</subfield>
  </datafield>
  <datafield tag="336" ind1=" " ind2=" ">
   <subfield code="a">Text</subfield>
   <subfield code="b">txt</subfield>
   <subfield code="2">rdacontent</subfield>
  </datafield>
  <datafield tag="336" ind1=" " ind2=" ">
   <subfield code="a">unbewegtes Bild</subfield>
   <subfield code="b">sti</subfield>
   <subfield code="2">rdacontent</subfield>
  </datafield>
  <datafield tag="337" ind1=" " ind2=" ">
   <subfield code="a">ohne Hilfsmittel zu benutzen</subfield>
   <subfield code="b">n</subfield>
   <subfield code="2">rdamedia</subfield>
  </datafield>
  <datafield tag="338" ind1=" " ind2=" ">
   <subfield code="a">Band</subfield>
   <subfield code="b">nc</subfield>
   <subfield code="2">rdacarrier</subfield>
  </datafield>
  <datafield tag="583" ind1="1" ind2=" ">
   <subfield code="a">Archivierung prüfen</subfield>
   <subfield code="c">20200919</subfield>
   <subfield code="f">DE-640</subfield>
   <subfield code="z">3</subfield>
   <subfield code="2">pdager</subfield>
  </datafield>
  <datafield tag="583" ind1="1" ind2=" ">
   <subfield code="a">Archivierung/Langzeitarchivierung gewährleistet</subfield>
   <subfield code="f">SSG</subfield>
   <subfield code="x">XA-DE-BW</subfield>
   <subfield code="2">pdager</subfield>
   <subfield code="5">DE-16</subfield>
  </datafield>
  <datafield tag="655" ind1=" " ind2="7">
   <subfield code="a">Ausstellungskatalog</subfield>
   <subfield code="y">2001</subfield>
   <subfield code="z">Maastricht</subfield>
   <subfield code="0">(DE-588)4135467-9</subfield>
   <subfield code="0">(DE-627)10566491X</subfield>
   <subfield code="0">(DE-576)209660988</subfield>
   <subfield code="2">gnd-content</subfield>
  </datafield>
  <datafield tag="689" ind1="0" ind2="0">
   <subfield code="d">p</subfield>
   <subfield code="0">(DE-588)119524759</subfield>
   <subfield code="0">(DE-627)234092424</subfield>
   <subfield code="0">(DE-576)172679044</subfield>
   <subfield code="a">Bruegel, Pieter</subfield>
   <subfield code="c">de Jongere</subfield>
   <subfield code="d">1564-1636</subfield>
   <subfield code="2">gnd</subfield>
  </datafield>
  <datafield tag="689" ind1="0" ind2=" ">
   <subfield code="5">(DE-627)</subfield>
  </datafield>
  <datafield tag="700" ind1="1" ind2=" ">
   <subfield code="a">Allart, Dominique</subfield>
   <subfield code="0">(DE-588)188359079</subfield>
   <subfield code="0">(DE-627)699289297</subfield>
   <subfield code="0">(DE-576)135231949</subfield>
   <subfield code="4">oth</subfield>
  </datafield>
  <datafield tag="700" ind1="1" ind2=" ">
   <subfield code="a">Bruegel, Pieter</subfield>
   <subfield code="c">de Jongere</subfield>
   <subfield code="d">1564-1636</subfield>
   <subfield code="e">Ill.</subfield>
   <subfield code="0">(DE-588)119524759</subfield>
   <subfield code="0">(DE-627)234092424</subfield>
   <subfield code="0">(DE-576)172679044</subfield>
   <subfield code="4">ill</subfield>
  </datafield>
  <datafield tag="700" ind1="1" ind2=" ">
   <subfield code="a">Brink, Peter van den</subfield>
   <subfield code="d">1956-</subfield>
   <subfield code="e">Hrsg.</subfield>
   <subfield code="0">(DE-588)133466884</subfield>
   <subfield code="0">(DE-627)655892737</subfield>
   <subfield code="0">(DE-576)171458451</subfield>
   <subfield code="4">edt</subfield>
  </datafield>
  <datafield tag="710" ind1="2" ind2=" ">
   <subfield code="a">Bonnefantenmuseum</subfield>
   <subfield code="0">(DE-588)2086178-3</subfield>
   <subfield code="0">(DE-627)100242413</subfield>
   <subfield code="0">(DE-576)192534866</subfield>
   <subfield code="4">oth</subfield>
  </datafield>
  <datafield tag="787" ind1="0" ind2="8">
   <subfield code="i">Rezensiert in</subfield>
   <subfield code="a">Büttner, Nils, 1967 - </subfield>
   <subfield code="t">[Rezension von: De firma Brueghel - L’entreprise Brueghel]</subfield>
   <subfield code="d">2002</subfield>
   <subfield code="w">(DE-627)1785372289</subfield>
  </datafield>
  <datafield tag="787" ind1="0" ind2="8">
   <subfield code="i">Rezensiert in</subfield>
   <subfield code="a">Vöhringer, Christian, 1966 - </subfield>
   <subfield code="t">[Rezension von: Peter van den Brink (Hrsg.), Brueghel Enterprises]</subfield>
   <subfield code="d">2002</subfield>
   <subfield code="w">(DE-627)1920837221</subfield>
  </datafield>
  <datafield tag="856" ind1="4" ind2="2">
   <subfield code="u">https://swbplus.bsz-bw.de/bsz096256664inh.htm</subfield>
   <subfield code="m">B:DE-576;DE-16</subfield>
   <subfield code="q">application/pdf</subfield>
   <subfield code="v">20091215094953</subfield>
   <subfield code="x">Verlag</subfield>
   <subfield code="3">Inhaltsverzeichnis</subfield>
  </datafield>
  <datafield tag="951" ind1=" " ind2=" ">
   <subfield code="a">BO</subfield>
  </datafield>
  <datafield tag="990" ind1=" " ind2=" ">
   <subfield code="a">Bruegel, Pieter &lt;de Jongere&gt; </subfield>
  </datafield>
  <datafield tag="991" ind1=" " ind2=" ">
   <subfield code="a">Rezensiertes Werk</subfield>
  </datafield>
  <datafield tag="999" ind1=" " ind2=" ">
   <subfield code="a">KXP-PPN1621601064</subfield>
   <subfield code="e">4050138530</subfield>
  </datafield>
 </record>
</collection>
